000 00269nam a22001217a 4500
008 180514b xxu||||| |||| 00| 0 eng d
041 _aeng
080 _a043.3
100 _a0
101 _aMBE-MTH
245 _aSmart kartelat (Smart cards)
_cZeka,B
942 _2udc
_cBK
999 _c45742
_d45742